| 000 | 01778cam a2200409 a 4500 | ||
|---|---|---|---|
| 999 |
_c533828 _d533828 |
||
| 001 | 13546160 | ||
| 003 | NUST | ||
| 005 | 20200121161355.0 | ||
| 008 | 040402r20042004ilu b 001 0 eng | ||
| 010 | _a 2004047979 | ||
| 020 | _a0226011003 (cloth : alk. paper) | ||
| 020 | _a0226011011 (pbk. : alk. paper) | ||
| 038 | _aMSOHAIL | ||
| 040 |
_aDLC _cDLC _dDLC |
||
| 043 | _aa-ii--- | ||
| 050 | 0 | 0 |
_aBP63.I4 _bA64 2004 |
| 082 | 0 | 0 |
_a297.2720954 _222 |
| 100 | 1 |
_aAlam, Muzaffar, _d1947- _927833 |
|
| 245 | 1 | 4 |
_aThe languages of political Islam : _bIndia, 1200-1800 / Muzaffar Alam. |
| 260 |
_aChicago : _bUniversity of Chicago Press, _c2004. |
||
| 300 |
_axiii, 244 p. ; _c22 cm. |
||
| 500 | _aOriginally published: Delhi : Permanent Black, 2004. | ||
| 504 | _aIncludes bibliographical references (p. [196]-223) and index. | ||
| 650 | 0 |
_aIslam _zIndia _xHistory. _927834 |
|
| 650 | 0 |
_aIslam and politics _zIndia _xHistory. _927835 |
|
| 650 | 0 |
_aPersian language _xPolitical aspects _zIndia. _927836 |
|
| 650 | 0 |
_aSufism _zIndia _xHistory. _914365 |
|
| 650 | 0 |
_aIslamic law _zIndia _xHistory. _927837 |
|
| 651 | 0 |
_aIndia _xPolitics and government _y997-1765. _927838 |
|
| 651 | 0 |
_aIndia _xPolitics and government _y18th century. _927839 |
|
| 856 | 4 | 2 |
_3Publisher description _uhttp://www.loc.gov/catdir/description/uchi053/2004047979.html |
| 856 | 4 | 2 |
_3Contributor biographical information _uhttp://www.loc.gov/catdir/bios/uchi051/2004047979.html |
| 856 | 4 | 1 |
_3Table of contents _uhttp://www.loc.gov/catdir/toc/uchi051/2004047979.html |
| 906 |
_a7 _bcbc _corignew _d1 _eocip _f20 _gy-gencatlg |
||
| 942 |
_2ddc _cBK |
||